| 000 | 00000nam##2200000za#4500 |
| 001 | 9.577735 |
| 003 | CaOODSP |
| 005 | 20210624185744 |
| 007 | cr ||||||||||| |
| 008 | 150406|1982||||xxc|||||o f|0| 0 eng|d |
| 022 | |a1488-5379 |
| 040 | |aCaOODSP|beng |
| 043 | |an-cn--- |
| 086 | 1 |aFs97-6/1083E-PDF |
| 110 | 1 |aCanada. |bDepartment of Fisheries and Oceans. |
| 245 | 12|aA computer program for predicting precision and tag-loss bias in Jolly-Seber mark-recapture estimates / |h[electronic resource]|cby A.N. Arnason and C.R. Krasey. |
| 260 | |aWinnipeg - Manitoba : |bFisheries and Oceans Canada |c1982. |
| 300 | |a46p.|breferences, tables |
| 490 | 1 |aCanadian technical report of fisheries and aquatic sciences|x1488-5379|vNo. 1083 |
| 500 | |aOn t.p.: ... the 144th Technical Report from the Western Region, Winnipeg. |
| 546 | |a(Résumé en français) |
| 590 | |a13-25-Supp|b2013-10-28 |
| 720 | 1 |aArnason, A. N. |
| 720 | 1 |aKrasey, C. R. |
| 830 | #0|aCanadian technical report of fisheries and aquatic sciences,|x1488-5379|vNo. 1083|w(CaOODSP)9.504449 |
| 856 | 40|ahttp://publications.gc.ca|qPDF|s1657 KB|uhttps://publications.gc.ca/collections/collection_2013/mpo-dfo/Fs97-6-1083-eng.pdf|yNo. 1083 |